| 000 | 00501nam a2200169Ia 4500 | ||
|---|---|---|---|
| 999 |
_c37011 _d37011 |
||
| 003 | OSt | ||
| 005 | 20210125105337.0 | ||
| 008 | 210125b ||||| |||| 00| 0 eng d | ||
| 020 | _a8189301209 | ||
| 040 | _coclc | ||
| 082 |
_a500 _bSIN/U |
||
| 100 |
_98421 _aSingh, Mohen |
||
| 245 |
_aUGC- CSIR JRF / NET Paper 1 (Science) / _cMohen Singh ; M Gagan |
||
| 260 |
_aNew Delhi: _bDanika Publishing Company, _c2011. |
||
| 300 | _a564p | ||
| 942 |
_2ddc _cREF _h500 _iSIN/U _k500 _mSIN/U |
||